Capitales de Uruguay - Estadísticas

Estadísticas generales
  • Esta prueba ha sido intentada 219 veces
  • La puntuación promedio es 17 de 19
Estadísticas de respuestas
Departamentos Capitales % Correcto
Montevideo Montevideo
100%
Salto Salto
95%
Durazno Durazno
94%
Artigas Artigas
93%
Florida Florida
93%
Maldonado Maldonado
93%
Treinta y Tres Treinta y Tres
93%
Paysandú Paysandú
92%
Rivera Rivera
92%
Rocha Rocha
92%
Tacuarembó Tacuarembó
92%
Canelones Canelones
91%
Lavalleja Minas
85%
Colonia Colonia del Sacramento
83%
Soriano Mercedes
82%
San José San José de Mayo
81%
Flores Trinidad
79%
Cerro Largo Melo
78%
Río Negro Fray Bentos
71%
No se encontraron pruebas coincidentes
Distribución de puntuación
Porcentaje de gente con cada puntuación
Porcentaje por número respondido
Historial de tus puntuaciones
No has intentado esta prueba.